El amante
Đã lưu trong:
| Tác giả chính: | |
|---|---|
| Định dạng: | Sách |
| Ngôn ngữ: | Tiếng Tây Ban Nha |
| Được phát hành: |
Barcelona
Tusquets
1992
|
| Phiên bản: | 2a. ed |
| Loạt: | Colección Andanzas, 15
|
| Những chủ đề: | |
| Các nhãn: |
Thêm thẻ
Không có thẻ, Là người đầu tiên thẻ bản ghi này!
|
MARC
| LEADER | 00000cam a2200000 a 4500 | ||
|---|---|---|---|
| 001 | UCE7256 | ||
| 003 | CL-VaPUC | ||
| 008 | 150529e19920000sp |||||||||||||||||spa|d | ||
| 020 | |a 8472232158 | ||
| 082 | 0 | 4 | |a 843 |b DUR |2 21 |
| 100 | 0 | |a Duras, Marguerite |e author |9 579935 | |
| 245 | 1 | 3 | |a El amante |
| 250 | |a 2a. ed | ||
| 300 | |a 146 p | ||
| 942 | |c BK | ||
| 945 | |d 20150529 15:00:00 |a gsalatino | ||
| 260 | |a Barcelona |b Tusquets |c 1992 | ||
| 650 | 0 | |a Novela francesa |9 264985 | |
| 650 | 0 | |a Literatura francesa |9 266330 | |
| 583 | |a last modification |c 20150529 15:00:00 |k Rodrigo Vera | ||
| 490 | 0 | |a Colección Andanzas, 15 | |
| 999 | |c 359357 |d 359355 | ||
| 952 | |0 0 |1 0 |3 erb |4 0 |6 843_000000000000000_DUR_1992 |7 0 |8 A |9 468516 |a BIBEDU |b BIBEDU |e Villagrán Garnham, Jorge |i 5176530 |l 2 |m 1 |o 843 DUR 1992 |p 5176530 |r 2025-03-05 |s 2025-01-31 |w 2019-11-23 |y BK |z Catalogado en:20150529 |k LIT | ||